| 000 | 00630nam a2200193 u 4500 | ||
|---|---|---|---|
| 001 | 000020720 | ||
| 005 | 20200930011142.0 | ||
| 008 | 100813s1961 es r 001 0 spa d | ||
| 040 |
_aDO-SdBNP _bspa _cBPJMD |
||
| 082 |
_axxxx _bB465h |
||
| 100 | 1 |
_aBeneyto, Juan _943472 |
|
| 245 | 1 | 0 |
_aHistoria social de España y de Hispanoamérica [Texto impreso] / _cJuan Beneyto. |
| 260 |
_aMadrid : _bAguilar, _c21 cm. |
||
| 300 |
_a517 p. ; _c21 cm. |
||
| 650 | 4 |
_aAguilar _943473 |
|
| 651 | 4 |
_aEspaña _xHistoria Social _943474 |
|
| 650 | 4 |
_aAmérica española _xHistoria social _943475 |
|
| 651 | 4 |
_aEspaña _xHistoria Social _y711-1492 _943476 |
|
| 999 |
_c20224 _d20224 |
||